000 00415nab a22001457 4500
003 ES-SlBCS
005 20231213214257.0
008 231213s2023 sp ||||| |||| 00| 0 spa d
040 _aES-SlBCS
_bspa
041 _aspa
100 1 _aDias, Darren J.
_951572
245 1 0 _aAsentar y desasentar la teología
_cDarren J. Dias
773 0 _gNúm. 403, 2023, págs. 87-98
_tConcilium
_wRev134
_x0210-1041
942 _2lcc
_cAR
999 _c893274
_d893274